000 00481nam a2200193Ia 4500
005 20250603145643.0
008 250603s9999 xx 000 0 und d
020 _a978-3-031-16570-2
050 _aHD 9685 .M85/
100 _aMulder, Machiel
245 0 _aRegulation of Energy Markets: Economic Mechanisms and Policy Evaluation
250 _a2nd ed.
260 _aCham
260 _bSpringer Nature
260 _c2023
300 _a390 p
650 _aCham
942 _cBK
999 _c42465
_d42465